000 00971nab a2200313 4500
003 BR-BrBNA
005 20250311222642.0
008 250311b bl.||||| |||| 00| 0 por d
040 _aBR-BrBNA
_bpor
072 _aE14
100 _aAndrade, Lívia
245 _aBID irriga o Nordeste
_bAgrofinanças
500 _a4 illus.
650 _aPROJETO DE DESENVOLVIMENTO
650 _aINVESTIMENTO
650 _aDESENVOLVIMENTO SOCIO-ECONÔMICO
650 _aMEIO AMBIENTE
650 _aDIFUSÃO DE TECNOLOGIA
650 _aAGRICULTURA IRRIGADA
650 _aFRUTICULTURA
650 _aAQUACULTURA
650 _aPECUÁRIA
650 _aEDUCAÇÃO AGRÍCOLA
650 _aTURISMO
650 _aSERGIPE
773 0 _01706
_9347827
_dSão Paulo-SP Editora Três Ltda - E-mail: luizfsa@revistadinheiro.com.br 2004
_o2025-0328
_tDinheiro Rural (Brazil)
_x1807-3700
_gv. 2(13) p. 94-95; (Nov 2005)
_wBR2025000089
942 _cANA
999 _c330352
_d330352